[Event "ITA-ch U20 2017"]
[Site "Cosenza"]
[Date "2017.12.08"]
[Round "5"]
[White "Montilli, Vincenzo"]
[Black "Formento, Paolo"]
[Result "1/2-1/2"]
[WhiteElo "2247"]
[BlackElo "2279"]
[Annotator "TA"]
[PlyCount "57"]
[EventDate "2017.??.??"]
[EventType "tourn"]
[EventCountry "ITA"]
[SourceTitle "playchess.com"]
[Source "ChessBase"]
[SourceQuality "1"]

{[%evp 21,57,-1,-2,-14,-16,-11,-6,-17,-21,-48,-39,-43,-44,-46,-33,-44,-4,-44,-41,-35,-25,-51,-12,-8,-32,-19,0,0,24,29,13,14,65,49,70,84,83,49]} 1. c4 e6 2. Nf3 Nf6 3. g3 d5 4. Bg2 dxc4 5. Qa4+ Nbd7 6. Qxc4 c5 7. O-O a6 8. Qc2 b5 9. Nc3 Bb7 10. a4 Qb6 11. d3 Be7 {LiveBook: 74 Partien. A13: Reti-Eröffnung} 12. Bf4 (12. Qb3 b4 13. a5 Qd8 14. Nb1 Bd5 15. Qc2 O-O 16. Nbd2 Nb8 17. Rd1 Ra7 18. e4 Ba8 19. Nb3 {0-1 (49) Nakamura,H (2776)-Kramnik,V (2783) Zuerich 2015}) 12... O-O 13. e4 {[#]} Rfc8 $146 {Die Stellung ist ausgeglichen.} ({Vorgänger:} 13... Rac8 14. Rfd1 Rfd8 15. axb5 axb5 16. h3 c4 17. Be3 cxd3 18. Qxd3 Bc5 19. Nd4 {1-0 (66) Meskovs,N (2479)-Ladva,O (2530) Liepaja 2017}) 14. Nd2 Ng4 15. h3 Nge5 {[%cal Bg4e5,Be5c6,Bc6d4][%mdl 32]} 16. Be3 Nc6 17. f4 Nd4 18. Qd1 Nb8 19. axb5 axb5 {[#] zielt auf ...Txa1 ab.} 20. Rxa8 Bxa8 21. Nb3 Rd8 22. Nxd4 cxd4 23. Bf2 Qa5 24. Ne2 Qb4 25. Qc2 Na6 26. Ra1 $36 {[%mdl 2048] Weiss steht aktiver.} Bb7 (26... Nc5 $1 $11) 27. e5 $1 $14 Bxg2 28. Kxg2 Nc5 29. Be1 {Precision: Weiß = 55%, Schwarz = 47%.} 1/2-1/2

[Event "ITA-ch U20 2017"]
[Site "Cosenza"]
[Date "2017.12.09"]
[Round "6"]
[White "Barp, Alberto"]
[Black "Montilli, Vincenzo"]
[Result "0-1"]
[WhiteElo "2281"]
[BlackElo "2247"]
[Annotator "TA"]
[PlyCount "140"]
[EventDate "2017.??.??"]
[EventType "tourn"]
[EventCountry "ITA"]
[SourceTitle "playchess.com"]
[Source "ChessBase"]
[SourceQuality "1"]

{[%evp 9,140,36,25,16,27,16,39,41,24,29,40,31,37,37,31,25,70,66,63,70,64,62,64,55,54,26,75,45,62,-24,75,73,74,74,71,74,74,40,47,56,48,33,51,0,0,0,0,-37,-37,-36,-39,-37,-47,-33,-33,-56,-34,-33,-43,-49,-29,-28,-20,-20,-12,-15,0,-8,0,-14,-13,-79,-83,-123,-122,-184,-67,-184,-184,-184,-184,-184,-184,-184,-184,-206,-184,-242,-228,-275,-184,-184,-184,-184,-184,-184,-184,-184,-184,-406,-406,-406,-406,-406,-387,-406,-405,-397,-378,-349,-341,-405,-390,-633,-610,-29963,-29963,-29963,-29964,-29963,-29966,-29966,-29967,-29967,-29966,-29965,-29966,-29969,-29965,-29971,-29972,-29973,-29974]} 1. d4 Nf6 2. c4 c5 3. d5 b5 4. cxb5 a6 5. bxa6 e6 6. dxe6 {A58: Benko/Volga Gambit: Lines with 5 bxa6} fxe6 7. e3 Be7 8. Nf3 {White is slightly better.} Nc6 9. Nbd2 $146 ({Predecessor:} 9. Nc3 O-O 10. Bb5 Qb6 11. O-O Bxa6 12. Bxa6 Rxa6 13. b3 d5 14. Bb2 {1-0 (73) Burmakin,V (2604)-Zubarev,A (2536) Metz 2010}) 9... O-O 10. b3 ({But not} 10. Qa4 Qb6 $15) 10... d5 11. Bb2 Qc7 12. a3 Bd6 13. Be2 Bxa6 14. Bxa6 Rxa6 15. O-O Rb6 16. Qc2 Qf7 17. e4 Qh5 18. h3 Qg6 {[%cal Rf6e4]} 19. Rfc1 (19. Nh4 $14 Qf7 20. exd5 exd5 21. Nhf3) 19... Nh5 (19... Nxe4 $11 20. Nxe4 Qxe4) 20. exd5 Qxc2 21. Rxc2 exd5 22. g3 Re8 23. Re1 Rxe1+ 24. Nxe1 {Black must now prevent Nd3.} Na5 25. Rc3 c4 26. b4 (26. Nef3 $14) 26... Be5 $1 $11 27. Rc2 Bxb2 $1 28. Rxb2 c3 $1 {[%csl LRb2,LRd2]} 29. Rc2 cxd2 30. Rxd2 Nc4 31. Rxd5 Nf6 32. Rd3 Rd6 33. Rc3 Nb6 34. Nf3 h6 35. Kg2 Nfd5 36. Rc5 Na4 37. Ra5 Ndb6 38. Ne5 Rd5 39. Kf3 Rd2 40. b5 (40. Nc4 $11 Nxc4 41. Rxa4) 40... Rb2 $17 41. Nc4 {[#]} Rb3+ $1 42. Kf4 (42. Ne3 $17 {is a better defense.}) 42... Kh7 (42... Nxc4 $19 43. Rxa4 Nb6) 43. h4 ({White should play} 43. Nxb6 $15 Nxb6 44. Ke4) 43... Nxc4 $19 44. Rxa4 Nxa3 {[%mdl 4096] Endgame KRN-KR} 45. b6 Nb1 46. Ra6 Nd2 47. h5 Nc4 48. Ra8 (48. g4 {might work better.}) 48... Nxb6 49. Rd8 Rb5 {And now ...Nd5+ would win.} 50. g4 Nd5+ 51. Kg3 Rb3+ 52. f3 Nc3 53. Re8 Rb2 54. Kf4 $2 (54. Re5 {was necessary.}) 54... Ne2+ 55. Ke3 Ng1 {[#] Hoping for ...Re2+.} 56. Rf8 Nh3 57. Ke4 Re2+ 58. Kd3 Re1 59. Kd2 Re7 60. Kd3 Ng5 61. Kd2 $2 (61. f4 Ne4 62. Ke3) 61... Rf7 62. Rxf7 Nxf7 {KN-K3P. Black mates.} 63. Ke3 Kg8 64. f4 Nd6 65. Kd4 Kf7 66. Kd5 Nb5 67. Ke5 Na3 68. g5 Nc4+ 69. Kd4 Nd6 70. Kd5 Nf5 {Precision: White = 44%, Black = 68%.} 0-1

[Event "ITA-ch U20 2017"]
[Site "Cosenza"]
[Date "2017.12.09"]
[Round "6"]
[White "Carnicelli, Valerio"]
[Black "Zamengo, Fulvio"]
[Result "1/2-1/2"]
[WhiteElo "2280"]
[BlackElo "2310"]
[Annotator "NA"]
[PlyCount "142"]
[EventDate "2017.??.??"]
[EventType "tourn"]
[EventCountry "ITA"]
[SourceTitle "playchess.com"]
[Source "ChessBase"]
[SourceQuality "1"]
[TimeControl "40/6000+30:20/3000+30:900+30"]

1. e4 e6 2. d4 d5 3. Nc3 Nf6 4. e5 Nfd7 5. f4 c5 6. Nf3 Nc6 7. Be3 a6 8. Qd2 b5 9. dxc5 Bxc5 10. Bd3 {C11: French: Classical System: 4 e5 and 4 Bg5 dxe4} (10. Ne2 O-O 11. Ned4 Qb6 12. c3 b4 13. Bd3 a5 14. O-O Ba6 15. Kh1 Bxd3 16. Qxd3 Qa6 17. Qc2 bxc3 18. bxc3 {½-½ (31) Dominguez Perez,L (2739)-So,W (2788) Saint Louis 2017}) 10... Qb6 11. Bf2 h6 12. O-O Bxf2+ 13. Rxf2 Nc5 14. Ne2 Bb7 $146 ({Predecessor:} 14... Ne4 15. Bxe4 dxe4 16. Nfd4 Bb7 17. c3 Rd8 {0-1 (36) Salem,A (2625)-Kostenko,P (2457) Tashkent 2016}) 15. Qe3 Rd8 16. Nfd4 Ne4 17. Rff1 O-O 18. Kh1 f6 19. exf6 Rxf6 20. c3 e5 21. fxe5 Nxe5 22. Bxe4 dxe4 23. Qg3 Rdf8 24. Rxf6 Qxf6 25. h3 Kh7 26. b3 Ng6 27. Kg1 Nh4 28. Qe3 Qg6 29. Qg3 Qxg3 30. Nxg3 e3 31. Rf1 Rxf1+ 32. Kxf1 g5 33. c4 bxc4 34. bxc4 Kg6 35. c5 Bxg2+ 36. Ke2 Bxh3 37. c6 Ng2 38. Kf3 Nf4 39. Kxe3 h5 40. Ke4 h4 41. Ngf5 Bxf5+ 42. Nxf5 Ne6 43. Ne7+ Kh5 44. Nd5 h3 45. Kf3 Nd4+ 46. Kg3 Nxc6 47. Kxh3 Nd4 48. Ne3 Ne2 49. a4 Nc3 50. a5 Ne4 51. Ng4 Kg6 52. Ne3 Nf6 53. Nc2 g4+ 54. Kg3 Kg5 55. Nb4 Nh5+ 56. Kg2 Nf4+ 57. Kg3 Nh5+ 58. Kg2 Kh4 59. Nd5 g3 60. Ne3 Ng7 61. Nf1 Nf5 62. Kf3 Nd4+ 63. Kg2 Nc6 64. Nxg3 Nxa5 65. Ne4 Nc6 66. Kf2 a5 67. Ke2 Kg4 68. Kd2 Kf4 69. Nd6 a4 $11 70. Kc3 Ke5 71. Nc4+ Ke4 1/2-1/2

[Event "ITA-ch U20 2017"]
[Site "Cosenza"]
[Date "2017.12.09"]
[Round "6"]
[White "Belli, Giorgio"]
[Black "Formento, Paolo"]
[Result "1/2-1/2"]
[WhiteElo "2241"]
[BlackElo "2279"]
[Annotator "NA"]
[PlyCount "100"]
[EventDate "2017.??.??"]
[EventType "tourn"]
[EventCountry "ITA"]
[SourceTitle "playchess.com"]
[Source "ChessBase"]
[SourceQuality "1"]
[TimeControl "40/6000+30:20/3000+30:900+30"]

1. e4 c5 2. Nf3 Nc6 3. d4 cxd4 4. Nxd4 e5 5. Nb5 d6 6. N1c3 a6 7. Na3 b5 8. Nd5 Nce7 9. Nxe7 Bxe7 10. c4 Nf6 11. cxb5 O-O 12. Bd3 d5 13. O-O Nxe4 14. Bxe4 dxe4 15. Be3 axb5 16. Nxb5 Ba6 17. Qxd8 Rfxd8 18. Nc7 Bxf1 19. Nxa8 Bd3 20. Nb6 f5 21. Rc1 f4 22. Bc5 Bg5 23. Re1 f3 24. Rd1 fxg2 25. b3 Kf7 26. Nc4 Ke6 27. Be3 Be7 28. Kxg2 Ra8 29. Nb2 Be2 30. Ra1 Ba3 31. Nc4 Bxc4 32. bxc4 Ra4 33. Rb1 Rxc4 34. Rb6+ Bd6 35. Rb7 Bc7 36. Ra7 Kd6 37. Kg3 Kc6 38. Kg4 g6 39. Kg5 Rb4 40. Kh6 Rb1 41. Kxh7 g5 42. Kg6 Rg1 43. Kf5 g4 44. Kxe4 Rg2 45. Ra6+ Kb5 46. Rh6 Ba5 47. Kxe5 Rxh2 48. Rxh2 Bc7+ 49. Kf5 Bxh2 50. Kxg4 Bg1 1/2-1/2

[Event "ITA-ch U20 2017"]
[Site "Cosenza"]
[Date "2017.12.09"]
[Round "6"]
[White "Di Benedetto, Edoardo"]
[Black "Lodici, Lorenzo"]
[Result "1/2-1/2"]
[WhiteElo "2217"]
[BlackElo "2421"]
[Annotator "TA"]
[PlyCount "94"]
[EventDate "2017.??.??"]
[EventType "tourn"]
[EventCountry "ITA"]
[SourceTitle "playchess.com"]
[Source "ChessBase"]
[SourceQuality "1"]

{[%evp 24,94,12,0,0,0,0,0,0,0,0,-12,-12,-27,-27,-16,-9,-12,0,-16,0,-14,-9,-28,-19,-51,-50,-89,-48,-71,-71,-71,-72,-78,-45,-42,-10,-15,-9,-10,-9,-10,0,-22,-2,-2,0,0,-4,-10,0,0,0,0,0,0,0,-8,0,0,0,0,0,0,0,-8,0,-11,0,-11,-11,-11,-11]} 1. e4 e5 2. Nf3 Nc6 3. Bb5 {[%cal Bf1b5,Bb5a4,Ba4b3][%mdl 32]} a6 4. Ba4 Nf6 5. O-O b5 6. Bb3 Bb7 7. d3 Be7 8. a4 O-O 9. Nc3 Na5 10. axb5 Nxb3 11. cxb3 axb5 {C84: Spanische Partie (Mittelgambit)} (11... d6 12. bxa6 Rxa6 13. Bg5 Rxa1 14. Qxa1 c5 15. Qa7 Qd7 16. Ra1 h6 17. Bxf6 Bxf6 18. Ra4 Ra8 19. Qb6 Rb8 {1-0 (57) Naiditsch,A (2706)-Bartel,M (2659) Poznan 2014}) 12. Rxa8 Qxa8 13. Nxb5 {LiveBook: 4 Partien} d5 14. Nxc7 Qa5 15. Nxd5 Nxd5 16. exd5 Qxd5 {[#]} 17. Re1 $146 ({Vorgänger:} 17. Qe2 Bf6 18. b4 Rd8 19. Ne1 {½-½ (39) Jakubowski,K (2571)-Getz,N (2386) Porto 2015}) 17... f6 18. Bd2 Qxd3 {[#] Droht stark ...Td8.} 19. Bc3 Qb5 $36 {[%mdl 2048] Schwarz hat gut koordiniertes Spiel.} 20. b4 Rd8 21. Qe2 Qd5 22. Qe3 Bf8 (22... Ra8 {keeps more tension.} 23. Qe2 Rb8 24. Nh4 Bf8 25. h3 Bc6) 23. Qd2 Rb8 24. Qxd5+ Bxd5 25. Rd1 Be6 26. Ne1 Bxb4 27. Bxb4 Rxb4 $17 {[%mdl 4096] Endspiel KTL-KTS} 28. Rd2 Ra4 29. f3 Ra1 30. Kf2 {Die Stellung ist ausgeglichen.} Rb1 31. Nd3 Bf5 32. Nc5 Kf7 33. Na4 Be6 34. Nc5 Bc4 35. Rc2 Bd5 36. Nd3 Ra1 37. b4 Rb1 38. Rb2 Rxb2+ 39. Nxb2 $11 {KL-KS} Ke6 40. Na4 Bc6 41. Nc3 f5 {[%cal Bf6f5,Bf5f4][%mdl 32]} 42. Ke3 g5 43. g3 f4+ 44. Kf2 h5 45. h3 Kd6 46. g4 h4 47. Ke2 Kc7 {Precision: Weiß = 51%, Schwarz = 46%.} 1/2-1/2

[Event "ITA-ch U20 2017"]
[Site "Cosenza"]
[Date "2017.12.10"]
[Round "7"]
[White "Lodici, Lorenzo"]
[Black "Carnicelli, Valerio"]
[Result "1-0"]
[WhiteElo "2421"]
[BlackElo "2282"]
[Annotator "TA"]
[PlyCount "119"]
[EventDate "2017.??.??"]
[EventType "tourn"]
[EventCountry "ITA"]
[SourceTitle "playchess.com"]
[Source "ChessBase"]
[SourceQuality "1"]

{[%evp 19,119,46,49,42,47,30,67,27,32,31,35,5,19,19,29,19,27,31,33,28,27,20,28,22,47,19,50,54,80,56,85,85,85,85,86,89,175,161,185,177,206,202,203,206,246,227,315,97,87,42,29,18,40,0,0,0,0,0,7,8,69,69,69,69,69,69,69,68,120,139,250,236,571,572,544,560,552,559,665,589,506,479,1316,1293,4631,2441,4631,4631,4631,4631,4631,4631,4631,4631,4622,4622,4618,4618,29960,29964,29985,29986]} 1. d4 Nf6 2. c4 g6 3. Nc3 Bg7 4. e4 d6 5. f3 O-O 6. Nge2 c6 7. Be3 a6 8. c5 b5 {E81: King's Indian: Sämisch: 6th move deviations (including 6 Be3 c6)} 9. cxb6 (9. cxd6 exd6 10. Nf4 Re8 11. Be2 b4 12. Na4 Nd5 13. Bc1 Nb6 14. Nxb6 Qxb6 15. Be3 d5 16. Qd3 dxe4 17. fxe4 {1-0 (61) Carlsen,M (2881)-Grischuk,A (2792) Dubai 2014}) 9... Qxb6 10. Qd2 a5 {LiveBook: 4 Games. White is slightly better.} 11. Nf4 Ba6 12. Be2 $146 ({Predecessor:} 12. Bxa6 Qxa6 13. Nd3 Nbd7 14. O-O Rab8 15. Rfc1 Rfc8 16. Rc2 {0-1 (42) Lodici,L (2363)-Gromovs,S (2159) Lignano Sabbiadoro 2016}) 12... Nfd7 13. O-O Bxe2 14. Nfxe2 Qa6 15. Na4 Nb6 16. Nxb6 Qxb6 17. Rac1 Nd7 18. Rc2 Rfc8 19. Rfc1 Qb7 20. Nf4 e6 21. Nd3 Qb5 22. f4 {[%cal Bf3f4,Bf4f5][%mdl 32]} d5 23. e5 Bf8 24. g4 Nb6 {[%cal Bd7b6,Bb6c4,Bc4b2][%mdl 32]} 25. f5 Nc4 26. Qe2 a4 27. h4 a3 (27... Re8 $16) 28. fxe6 $18 fxe6 29. b3 Nb2 30. Nf4 ({Worse is} 30. Nxb2 Qxe2 31. Rxe2 axb2 $15) 30... Qxe2 31. Rxe2 Kf7 32. Rf1 {Strongly threatening Nxd5+.} Ke7 33. Bc1 $2 (33. Ref2 $18 {and White stays clearly on top. White threatens Nxg6+! and mate.} Kd7 34. Ne2) 33... Kd7 $16 34. Bxb2 axb2 35. Rxb2 {And now Nd3 would win.} c5 36. dxc5 Bxc5+ 37. Kg2 Bd4 38. Re2 Rc3 39. Nh3 {White wants to play Rf7+.} Bxe5 (39... Rac8 $1 $11) 40. Rxe5 $14 Rxa2+ 41. Rf2 Rxf2+ 42. Nxf2 {[%mdl 4096] Endgame KRN-KR} Kd6 43. Re4 e5 {[#]} (43... Rxb3 $14 44. Ra4 e5) 44. Rb4 $1 $16 Kc5 (44... Rc2 $16 45. Rb6+ Kc5) 45. Rb7 $18 Kd4 $2 (45... e4 {is more resistant.} 46. Rxh7 Kd4) 46. Rxh7 e4 47. h5 gxh5 48. gxh5 {[%cal Bg4h5,Bh5h6,Bh6h7][%mdl 32]} Rc2 49. Kg3 Rc3+ {[#]} 50. Kh4 $1 Rxb3 (50... e3 $142 51. Ng4 e2) 51. Re7 Ke3 52. Ng4+ Kf3 53. h6 d4 54. h7 Rb8 55. Nf6 e3 56. Ng8 Rb1 57. Nh6 Rb8 58. Nf5 Rd8 59. Kg5 e2 {[#]} 60. Nxd4+ $1 {[%mdl 512] Precision: White = 67%, Black = 38%.} 1-0

[Event "ITA-ch U20 2017"]
[Site "Cosenza"]
[Date "2017.12.05"]
[Round "7"]
[White "Lodici, Lorenzo"]
[Black "Montilli, Vincenzo"]
[Result "0-1"]
[WhiteElo "2421"]
[BlackElo "2247"]
[Annotator "TA"]
[PlyCount "116"]
[EventDate "2017.??.??"]
[EventType "tourn"]
[EventCountry "ITA"]
[SourceTitle "playchess.com"]
[Source "ChessBase"]
[SourceQuality "1"]

{[%evp 26,116,56,45,91,102,110,118,133,132,125,100,91,94,94,89,101,55,57,62,64,0,7,14,43,0,0,0,3,0,16,0,0,0,44,25,44,-176,-180,-181,-154,-141,-118,-413,-413,-408,-417,-558,-554,-532,-510,-524,-533,-527,-526,-516,-522,-554,-554,-554,-554,-776,-739,-1572,-552,-1556,-1538,-1517,-1254,-1239,-1210,-1547,-697,-2416,-1986,-1691,-1114,-4778,-2828,-29958,-29947,-29964,-29964,-29974,-29973,-29974,-29975,-29978,-29977,-29983,-29984,-29988,-29989]} 1. d4 Nf6 2. c4 c5 3. d5 b5 4. cxb5 a6 5. e3 axb5 6. Bxb5 Qa5+ 7. Nc3 Bb7 8. Bd2 Qb6 9. Nf3 Nxd5 {A57: Benko/Volga Gambit} 10. a4 e6 11. O-O Be7 12. e4 Nxc3 13. Bxc3 O-O 14. Ne5 {LiveBook: 3 Games} d5 15. exd5 exd5 {[#]} 16. Re1 $1 {[#]} Bf6 $146 ({Predecessor:} 16... d4 17. Bd2 Ba6 18. Qb3 Ra7 19. Nc4 Qf6 20. Re5 Bxb5 21. Qxb5 Nd7 22. Bg5 {1-0 (22) Markus,R (2644)-Djukic,N (2519) Heraklio 2017}) 17. b4 Bxe5 18. Rxe5 d4 19. Bd2 ({Don't blunder} 19. bxc5 $2 Qg6 $19) 19... cxb4 20. Bxb4 Qg6 {[%csl Gb7][%cal Rg6g2]} 21. Bf1 Rd8 $1 22. Be7 Rd7 $1 23. Rg5 (23. Bh4 $14 Na6 24. Qb3) 23... Qh6 24. Rh5 Qg6 25. Bg5 d3 {...Rd5 is the strong threat.} 26. Bd2 Nc6 27. Rg5 Qf6 28. Qg4 Rad8 29. Re1 {Black must now prevent Qxd7!} g6 {[#]} 30. Re8+ $1 {[%mdl 512]} Kg7 $1 (30... Rxe8 31. Qxd7) 31. Rb5 $2 (31. Qh3 $14 {stays ahead.} h5 32. Rb5) 31... Rd4 $19 32. Re4 Ne5 33. Rbxe5 Qxe5 34. Bh6+ $2 {[%mdl 8192]} (34. Rxe5 $17 {was called for.} Rxg4 35. f4) 34... Kg8 ({Resist} 34... Kxh6 35. Qh3+ Kg7 36. Rxe5 $19) 35. Rxe5 {Intending Qxd4! and mate.} Rxg4 36. Bxd3 Rxg2+ 37. Kf1 Rxh2 38. Bf4 Rh3 {( -> ...Bf3)} ({Weaker is} 38... Rxd3 39. Bxh2 Ra3 40. Ra5 $17) 39. Be4 Bxe4 40. Rxe4 {[%mdl 4096] Endgame KRR-KRB} Ra8 41. Bc7 Ra3 42. a5 R3xa5 43. Bxa5 Rxa5 {KR-KR} 44. Kg2 Kg7 (44... g5 $142 45. Rb4 h6 46. Rb8+ Kg7) 45. Kg3 g5 46. Rb4 Kg6 47. Rb6+ {[#]} f6 $1 48. Rb3 Ra4 (48... h5 $142 49. Rb2 h4+ 50. Kg2 Ra3) 49. Rc3 h5 {[%cal Bh7h5,Bh5h4,Bh4h3][%mdl 32]} 50. Rb3 Rg4+ 51. Kh3 Rf4 52. Kg3 h4+ {Black mates.} 53. Kg2 g4 54. Ra3 Kg5 55. Ra5+ f5 56. Ra3 h3+ 57. Kg3 Rb4 58. f4+ Rxf4 {Precision: White = 31%, Black = 74%.} 0-1

[Event "ITA-ch U20 2017"]
[Site "Cosenza"]
[Date "2017.12.10"]
[Round "7"]
[White "Zamengo, Fulvio"]
[Black "Belli, Giorgio"]
[Result "1-0"]
[WhiteElo "2310"]
[BlackElo "2241"]
[Annotator "NA"]
[PlyCount "63"]
[EventDate "2017.??.??"]
[EventType "tourn"]
[EventCountry "ITA"]
[SourceTitle "playchess.com"]
[Source "ChessBase"]
[SourceQuality "1"]
[TimeControl "40/6000+30:20/3000+30:900+30"]

1. e4 {[%emt 0:02:01]} e5 {[%emt 0:00:55]} 2. Nf3 {[%emt 0:00:08]} Nc6 {[%emt 0:00:07]} 3. Bb5 {[%emt 0:00:06]} a6 {[%emt 0:00:09]} 4. Ba4 {[%emt 0:00:04]} Nf6 {[%emt 0:00:09]} 5. O-O {[%emt 0:00:10]} Be7 {[%emt 0:00:52]} 6. Re1 {[%emt 0:00:07]} b5 {[%emt 0:00:07]} 7. Bb3 {[%emt 0:00:04]} d6 {[%emt 0:00:08]} 8. c3 {[%emt 0:00:09]} O-O {[%emt 0:00:15]} 9. h3 {[%emt 0:00:04]} Na5 {[%emt 0:01:12]} 10. Bc2 {[%emt 0:00:08]} c5 {[%emt 0:00:08]} 11. d4 {[%emt 0:00:04]} Qc7 {[%emt 0:00:07]} 12. Nbd2 {[%emt 0:00:06]} Bd7 {[%emt 0:02:00]} 13. Nf1 {[%emt 0:00:09]} Nc4 {[%emt 0:00:10]} 14. b3 {[%emt 0:02:27]} Nb6 {[%emt 0:00:05]} 15. Ne3 {[%emt 0:00:21]} c4 {[%emt 0:00:11]} 16. bxc4 {[%emt 0:00:43]} Nxc4 {[%emt 0:00:06]} 17. Nxc4 {[%emt 0:00:08]} bxc4 {[%emt 0:00:11]} 18. a4 {[%emt 0:00:07]} a5 {[%emt 0:11:57]} 19. Be3 {[%emt 0:00:39]} Rab8 {[%emt 0:02:44]} 20. Nd2 {[%emt 0:04:29]} Rb2 {[%emt 0:08:53]} 21. Rb1 {[%emt 0:01:11]} Ra2 {[%emt 0:07:38]} 22. d5 {[%emt 0:01:28]} Qc8 {[%emt 0:05:55]} 23. Ra1 {[%emt 0:05:15]} Rb2 {[%emt 0:12:57]} 24. Qc1 {[%emt 0:04:37]} Rb8 {[%emt 0:01:35]} 25. Bd1 {[%emt 0:07:31]} g5 {[%emt 0:04:52]} 26. Bxg5 {[%emt 0:15:50]} Nxd5 {[%emt 0:00:21]} 27. Nf1 {[%emt 0:04:18]} Nf6 {[%emt 0:02:39]} 28. Ng3 {[%emt 0:05:52]} Re8 {[%emt 0:02:42]} 29. Bh4 {[%emt 0:30:04]} Nd5 {[%emt 0:06:08]} 30. Bxe7 {[%emt 0:01:49]} Nxe7 {[%emt 0:00:07]} 31. Nh5 {[%emt 0:02:23]} Ng6 {[%emt 0:00:14]} 32. Qh6 {[%emt 0:00:09]} 1-0

[Event "ITA-ch U20 2017"]
[Site "Cosenza"]
[Date "2017.12.05"]
[Round "7"]
[White "Zamengo, Fulvio"]
[Black "Formento, Paolo"]
[Result "0-1"]
[WhiteElo "2310"]
[BlackElo "2279"]
[Annotator "TA"]
[PlyCount "94"]
[EventDate "2017.??.??"]
[EventType "tourn"]
[EventCountry "ITA"]
[SourceTitle "playchess.com"]
[Source "ChessBase"]
[SourceQuality "1"]

{[%evp 13,94,25,24,25,36,11,18,0,27,0,11,0,0,0,-1,-8,10,10,8,0,25,21,29,21,27,12,24,18,47,37,44,0,0,-4,0,-12,0,1,40,0,0,-16,-16,-26,-16,-18,0,0,18,16,31,12,70,54,109,0,-1,-372,-369,-366,-373,-345,-314,-308,-298,-460,-445,-757,-749,-658,-656,-5023,-4806,-2395,-4810,-29983,-29984,-29978,-5708,-29988,-29989,-29989,-29985]} 1. e4 c5 2. Nf3 Nc6 3. Nc3 e5 4. Bc4 Be7 5. d3 Nf6 6. O-O O-O 7. Re1 d6 8. h3 {B30: Sicilian: 2...Nc6 3 Bb5, lines without ...g6} Na5 (8... Nd4 9. Nd5 Nxd5 10. Bxd5 Nxf3+ 11. Qxf3 Bg5 12. Bxg5 Qxg5 13. Qg3 Qxg3 14. fxg3 {½-½ (23) Ponizil,C (2497)-Bobras,P (2524) Czech Republic 2017}) 9. Bd5 Nc6 10. Bc4 {The position is equal.} Na5 11. Bd5 Nc6 12. Bxc6 bxc6 13. Ne2 Ne8 $146 ({Predecessor:} 13... Qc7 14. Ng3 g6 15. Bh6 Re8 16. Qd2 Nd7 {1-0 (68) Kiroski,T (2341)-Glavinac,G (2178) Struga 2013}) 14. Ng3 g6 15. c3 Ng7 16. Bh6 Rb8 17. b3 Be6 18. Rc1 Qa5 19. Rc2 f6 20. d4 cxd4 21. cxd4 c5 22. dxc5 dxc5 23. Nd2 Rfd8 24. Qe2 Bf7 25. Nc4 Qa6 26. Bxg7 (26. Ne3 $5 {[%cal Re2a6]} Qb7 27. Bxg7 Kxg7 28. Qg4 $11) 26... Kxg7 27. Qg4 {next Nf5+ is good for White.} Be6 28. Qf3 Rd7 29. Rec1 Rbd8 30. Ne3 Qb7 31. Ne2 Rd3 32. Nc3 f5 ({Black should try} 32... R8d4 $11) 33. Qe2 $1 $14 Bg5 ({Black should play} 33... h6 $14) 34. Ncd5 (34. exf5 $16 gxf5 35. Na4 Bxe3 36. fxe3) 34... Bxd5 $11 35. Rxc5 $2 {[%mdl 8192]} (35. Qxd3 $11 {and White has nothing to worry.} Bxe4 36. Qc3) 35... Bf7 $19 36. exf5 Bxe3 37. fxe3 Qe4 38. fxg6 hxg6 39. Rc7 (39. Rf1 {keeps fighting.}) 39... Rd2 40. Qf1 (40. Qg4 $142 Qxe3+ 41. Kh2) 40... Qxe3+ 41. Kh1 Rf2 42. Qe1 Qg3 {[%csl Gf2][%cal Rg3g2] [#]} 43. Qe4 Rd4 44. R7c3 Qg5 45. Qb7 {[#]} Rd7 $1 {[%mdl 512]} 46. Rc7 (46. Qxd7 Qxg2#) 46... Rxc7 47. Rxc7 Qf4 {Precision: White = 40%, Black = 48%.} 0-1

[Event "ITA-ch U20 2017"]
[Site "Cosenza"]
[Date "2017.12.05"]
[Round "7"]
[White "Carnicelli, Valerio"]
[Black "Barp, Alberto"]
[Result "1/2-1/2"]
[WhiteElo "2280"]
[BlackElo "2281"]
[Annotator "TA"]
[PlyCount "31"]
[EventDate "2017.??.??"]
[EventType "tourn"]
[EventCountry "ITA"]
[SourceTitle "playchess.com"]
[Source "ChessBase"]
[SourceQuality "1"]

{[%evp 11,31,-24,0,0,0,0,-2,-8,0,-1,0,-32,0,-36,-32,-25,-35,-52,-41,-44,-81,-54]} 1. e4 e5 2. Nf3 Nc6 3. d4 exd4 4. Nxd4 Bc5 5. Nb3 Bb6 6. Qe2 {C45: Scotch Game} (6. Nc3 Nf6 7. Bg5 h6 8. Bh4 d6 9. f3 g5 10. Bg3 Qe7 11. Qd2 Bd7 12. h4 Rg8 13. O-O-O O-O-O 14. hxg5 hxg5 15. Rh6 Be6 16. Bb5 Bxb3 17. axb3 {1-0 (41) Navara,D (2726)-Malakhov,V (2691) Antalya 2017}) 6... a5 {LiveBook: 4 Games} 7. a4 Nf6 8. Be3 $146 {The position is equal.} ({Predecessor:} 8. Nc3 O-O 9. Be3 d5 10. Bxb6 cxb6 11. O-O-O Re8 12. f3 Bd7 13. Qf2 dxe4 14. fxe4 {1-0 (49) Carlsson,P (2485)-Hector,J (2483) Borlange 2014}) 8... Bxe3 9. Qxe3 Nb4 10. Na3 O-O 11. c3 Nc6 12. f3 d5 $36 {[%cal Bd7d5,Bd5e4][%mdl 2080] Black is more active.} 13. O-O-O Qe7 {[%cal Rd5e4]} 14. Bb5 dxe4 15. Bxc6 bxc6 16. Rhe1 1/2-1/2

[Event "ITA-ch U20 2017"]
[Site "Cosenza"]
[Date "2017.12.10"]
[Round "7"]
[White "Formento, Paolo"]
[Black "Barp, Alberto"]
[Result "1/2-1/2"]
[WhiteElo "2279"]
[BlackElo "2281"]
[Annotator "NA"]
[PlyCount "38"]
[EventDate "2017.??.??"]
[EventType "tourn"]
[EventCountry "ITA"]
[SourceTitle "playchess.com"]
[Source "ChessBase"]
[SourceQuality "1"]
[TimeControl "40/6000+30:20/3000+30:900+30"]

1. Nf3 {[%emt 0:07:31]} d5 {[%emt 0:00:05]} 2. c4 {[%emt 0:00:13]} d4 {[%emt 0:00:12]} 3. e3 {[%emt 0:00:14]} Nc6 {[%emt 0:00:04]} 4. exd4 {[%emt 0:00:02]} Nxd4 {[%emt 0:00:07]} 5. Nxd4 {[%emt 0:00:02]} Qxd4 {[%emt 0:00:10]} 6. Nc3 {[%emt 0:00:02]} c6 {[%emt 0:00:09]} 7. d3 {[%emt 0:00:03]} Nh6 {[%emt 0:00:08]} 8. Be3 {[%emt 0:00:04]} Qd8 {[%emt 0:00:09]} 9. d4 {[%emt 0:00:07]} Nf5 {[%emt 0:00:47]} 10. Qd2 {[%emt 0:00:30]} g6 {[%emt 0:00:08]} 11. Be2 {[%emt 0:00:03]} Bg7 {[%emt 0:00:05]} 12. Rd1 {[%emt 0:00:03]} O-O {[%emt 0:00:13]} 13. O-O {[%emt 0:00:06]} Qa5 $11 {[%emt 0:00:37]} 14. d5 {[%emt 0:00:33]} Nxe3 {[%emt 0:30:24]} 15. Qxe3 {[%emt 0:00:28]} Qb6 {[%emt 0:01:32]} 16. Rd2 {[%emt 0:14:10]} Qxe3 {[%emt 0:10:20]} 17. fxe3 {[%emt 0:00:05]} Bxc3 {[%emt 0:06:00]} 18. bxc3 {[%emt 0:00:02]} Rd8 {[%emt 0:07:52]} 19. e4 {[%emt 0:06:28]} cxd5 {[%emt 0:12:04]} 1/2-1/2